| 000 | 00500nam a22001817a 4500 | ||
|---|---|---|---|
| 005 | 20150623113651.0 | ||
| 010 | _aENG-112883 | ||
| 020 | _c80.00 | ||
| 035 | _aEN-96415 | ||
| 037 | _bDBAD/PUB | ||
| 082 | _a230 | ||
| 100 | _aRaghavan, S.T.V. | ||
| 245 |
_aGlimpses into the ethos of Hinduism / _cby S.T.V. Raghavan |
||
| 260 |
_aMumbai _bBharatiya Vidya Bhawan _c2011 |
||
| 270 |
_aK.M. Munshi Marg _bMumbai _e400007 |
||
| 300 |
_a102p. _c22cm(pbk) |
||
| 942 |
_2ddc _cEN _mRAG _h230 |
||
| 999 |
_c93377 _d93377 |
||